00558nam a2200193Ia 450000500170000000800410001702000190005804000190007704100120009608200160010810000170012424500930014126000410023430000120027550400190028765000270030670000210033385000100035420221116115227.0131103s9999 xx 000 0 und d aSBN 0195625870 aLoreto College aEnglish a954.03bGUH aGuha,Ranajit aSubaltern Studies Vb writing on South Asian History and Society cedited by Ranaji Guha aDelhibOxford University Pressc1987 a296 p.  aIncludes index aIndia - Modern History aGuha,Ranajit;ed. aLCLIB